| 000 | 00646nam a2200277Ia 4500 | ||
|---|---|---|---|
| 001 | Z_2609 | ||
| 003 | CHAP | ||
| 008 | 220113s1994 xx 000 0 und d | ||
| 010 | _a165669 | ||
| 040 | _cCHAP | ||
| 082 | _a581.5 H3 | ||
| 100 |
_aHarper, John L. _952812 |
||
| 245 |
_aPopulation biology of plants / _cby John L. Harper |
||
| 260 |
_aLondon : _bAcademic Press, _c1994 |
||
| 300 |
_a892 p. : _bilus. ; cuadros, gráfs. |
||
| 440 | _a | ||
| 500 | _a | ||
| 503 | _a180375 | ||
| 650 |
_aEcología vegetal I. t. _9138513 |
||
| 901 | _a581.5 H3 | ||
| 902 | _aA | ||
| 910 | _a1994 | ||
| 942 | _c1 | ||
| 942 | _cc1 | ||
| 999 |
_c165669 _d165669 |
||